000 00531nam a2200193Ia 4500
003 GCL
008 140319s9999 xx 000 0 eng d
040 _aGCL /
_cGCL
082 0 4 _aC C
_b962.0352
_bB S
100 1 _aBLUNT,WILERID SCAWEN
245 1 0 _aSECRET HISTORY OF ENGLISH OCCUPATION OF EGYPT /
_cBLUNT,WILERID SCAWEN
260 _a[S.N] :
_bARAB CENTRE FOR RESEARCH AND PUBLISHING ،
_c1980
300 _a606P
650 0 4 _aAHMAD ORABI
650 0 4 _aEGYPT
650 0 4 _aHISTORY
650 0 4 _aEGYPTIAN
942 _2ddc
_cBK
999 _c11711
_d11711